000 00869nam a2200253Ia 4500
003 OSt
005 20221005103433.0
006 a|||||r|||| 00| 0
007 ta
008 221004b |||||||| |||| 00| 0 hin d
024 _a108117
037 _cTextual
040 _aCRL
_cCRL
_bhin
041 _2hin
_ahin
082 _aO152,1M89,18:g(P:75), L5
100 _aदीक्षित, विनोद
245 0 _aकामायनी में अलंकार योजना
246 _aKāmāyanī mean alankār yojanā
260 _aजयपुर
_bप्रतिभा प्रकाशन भारत
_c1975
300 _a93पृ0
_ccm.
650 _aहिन्दी साहित्य
942 _hO152,1M89,18:g(P:75), L5
_cTEXL
_2cc
999 _c1010087
_d1010087